Német szemét - Balástyán is az önkormányzat illegálisan működteti a hulladéklerakót /

Elmentve itt :
Bibliográfiai részletek
Szerző: Dombai Tünde
Dokumentumtípus: Cikk
Megjelent: 2007-01-16
Sorozat:Délmagyarország 97 No. 13
Kulcsszavak:Balástya, Környezetszennyezés szemét illegális szeméttelep
Online Access:http://dmarchiv.bibl.u-szeged.hu/137568
LEADER 00566nab a2200157 i 4500
001 delm137568
005 20200110105358.0
008 200110s2007 hu o 0|| hun d
040 |a SZTE Délmagyarország Archívum  |b hun 
041 |a hun 
100 1 |a Dombai Tünde 
245 1 0 |a Német szemét - Balástyán is   |h [elektronikus dokumentum] :  |b az önkormányzat illegálisan működteti a hulladéklerakót /  |c  Dombai Tünde 
260 |c 2007-01-16 
300 |a 3 
490 0 |a Délmagyarország  |v 97 No. 13 
695 |a Balástya, Környezetszennyezés szemét illegális szeméttelep